| 000 | 00723nam a2200229Ia 4500 | ||
|---|---|---|---|
| 008 | 130821s2001 enk gr eng | ||
| 020 | _a0674824261 | ||
| 040 |
_aCo-BoUCM _bspa |
||
| 041 | 0 | 0 | _aeng |
| 100 | 1 |
_aTaylor, Charles _956233 |
|
| 245 | 0 | 0 |
_aSources of the self _bthe making of the modern identity _cCharles Taylor |
| 260 |
_aCambridge (Inglaterra) _bHarvard University Press _c2001 |
||
| 300 | _a601 páginas | ||
| 504 | _aIncluye índice y bibliografía | ||
| 650 | 0 | 4 |
_aCivilización moderna _910986 |
| 650 | 0 | 4 |
_aÉtica _9195 |
| 650 | 0 | 4 |
_aFilosofía moderna _915835 |
| 650 | 0 | 4 |
_aFilosofía _975 |
| 650 | 0 | 4 |
_aYo _926406 |
| 942 |
_cLIBRO _a2 _e1 _mT239S _2DEWEY _h126 |
||
| 999 |
_c33100 _d33100 |
||